000 00541nam a2200181Ia 4500
005 20250508162745.0
008 008 250505s9999 xx 000 0 eng d
037 _aTextual
040 _aFEDL
_beng
_cFEDL
041 _aeng
_2eng
084 _a491.22, MAT
_qFEDL
100 _aMatilal Bimal Krishna
245 0 _aWord and the World: Indian's contribution to the study of language
260 _aDelhi, India
_bOxford University Press
_c1990
300 _a189p
942 _cTEXL
_h491.22, MAT
999 _c1378520
_d1378520